| 000 | 00617nam a2200205 a 4500 | ||
|---|---|---|---|
| 005 | 20250815063852.0 | ||
| 008 | 991125n 000 0 spa u | ||
| 035 | _aUPN01000064597 | ||
| 100 | 1 |
_aCastorina, José Antonio, _d1940- _931803 |
|
| 222 | _aPERFILES EDUCATIVOS | ||
| 245 | _aAprendizaje de la ciencia : constructivismo social y eliminación de los procesos cognoscitivos | ||
| 260 | _aMéxico | ||
| 300 | _a24-31 | ||
| 362 | 0 | _a1998 Vol. 20, no. 82 | |
| 653 | 0 | _aCIENCIA | |
| 653 | 0 | _aCONSTRUCTIVISMO SOCIAL | |
| 653 | 0 | _aPROCESO ENSEÑANZA-APRENDIZAJE | |
| 904 |
_aAC _b002408 |
||
| 905 | _aArticulo | ||
| 999 |
_c62637 _d62637 |
||